[Event "III Copa Marcel Duchamp 2019"]
[Site "Montevideo"]
[Date "2019.02.16"]
[Round "9.6"]
[White "Larrea, Manuel"]
[Black "Salinas Herrera, Pablo"]
[Result "0-1"]
[WhiteElo "2269"]
[BlackElo "2477"]
[Annotator "TA"]
[PlyCount "86"]
[EventDate "2019.02.09"]
[EventType "swiss"]
[EventCountry "URU"]
[SourceTitle "playchess.com"]
[Source "ChessBase"]
[SourceQuality "1"]

{[%evp 11,86,9,17,10,10,10,34,31,33,30,27,14,32,36,27,14,0,0,18,0,14,25,35,17,103,79,129,75,175,66,129,78,150,-37,79,77,70,70,89,0,0,-14,-12,-12,-12,-8,-19,-13,-18,-116,-108,-196,-189,-185,-187,-229,-240,-245,-251,-228,-85,-85,-61,-63,-70,-291,-267,-340,-334,-349,-218,-192,0,-480,-421,-512,-512]} 1. e4 c5 2. Nf3 d6 3. d4 cxd4 4. Nxd4 Nf6 5. Nc3 a6 6. Bg5 Nbd7 7. Qe2 {B94: Sicilian Najdorf: 6 Bg5 Nbd7} h6 8. Bh4 g6 9. f4 {White is slightly better.} e5 (9... Qc7 10. O-O-O Bg7 11. g4 e5 12. fxe5 Nxe5 13. h3 Be6 14. Qf2 Nfd7 {½-½ (26) Carlsen,M (2842)-Svidler,P (2753) Biel 2018}) 10. fxe5 dxe5 11. O-O-O Qc7 12. Nb3 $36 {[%mdl 2048] White has some pressure.} b5 13. Nd5 Nxd5 14. exd5 Bd6 {[#]} 15. Qd2 $146 O-O 16. Qxh6 Re8 17. Kb1 Bf8 (17... Bb7 $1 $11) 18. Qd2 $16 e4 19. Be2 (19. d6 $142 Qb6 20. Be2) 19... Bg7 (19... e3 $16 20. Qd4 Bb7) 20. Bg3 ({White should play} 20. d6 $18 Qc6 21. Qe3) 20... Qd8 (20... Qa7 $14) 21. Rhf1 (21. Qf4 $142) 21... Nb6 (21... e3 $142 22. Qb4 Nb6) 22. Na5 $2 ({White should try} 22. Qf4 $1 $16 {[%cal Rf4f7]} Bf5 23. d6) 22... f5 (22... Bf5 $15) 23. c3 e3 24. Qd3 Qf6 25. Bf4 (25. Bc7 $16) 25... b4 $1 $11 {[%cal Rb4c3]} 26. Bxe3 {Strongly threatening d6.} bxc3 27. bxc3 Qxc3 28. Qxc3 Bxc3 29. Bxb6 Rxe2 30. Nc4 (30. Rf3 $11 {remains equal.} Rb2+ 31. Kc1) 30... Rb8 {[%mdl 1024] White must now prevent ...Re4. Black has strong compensation.} ({Of course not} 30... Rxg2 $6 31. Rg1 $11) 31. Rf3 (31. Rd3 $17 Bg7 32. Rb3) 31... Bg7 $1 $19 32. Rb3 f4 $1 ({Weaker is} 32... Rxg2 33. Bd4 $11) 33. Nd6 Bd7 ({And not} 33... Rxg2 34. Nxc8 Rxc8 35. d6 $16) 34. Bd4 Rxb3+ 35. axb3 {intending Bxg7.} Bf8 (35... Rxg2 $19 {is more deadly. ...Bxd4 is the strong threat.} 36. Bxg7 Kxg7) 36. Nc4 $17 Bf5+ 37. Ka1 Rxg2 38. Rd2 $2 (38. Re1 $15) 38... f3 $19 39. Rxg2 fxg2 40. Ka2 Be4 41. d6 {[#]} Kf7 $2 (41... Bc6 $1 $19 {Threatens to win with ...Bb5.} 42. Bf2 Bb5) 42. Ne5+ $2 {[%mdl 8192]} (42. d7 $1 $11 {and White stays safe.} Be7 {[#]} 43. Nd6+ $1 {[%mdl 576] Double Attack} Ke6 44. Nxe4) 42... Ke6 43. d7 Be7 {Accuracy: White = 34%, Black = 39%.} 0-1

[Event "III Copa Marcel Duchamp 2019"]
[Site "Montevideo"]
[Date "2019.02.16"]
[Round "9.7"]
[White "Hoffman, Alejandro"]
[Black "Fiora, Emilio"]
[Result "1-0"]
[WhiteElo "2461"]
[BlackElo "2190"]
[Annotator "RC"]
[PlyCount "143"]
[EventDate "2019.02.09"]
[EventType "swiss"]
[EventCountry "URU"]
[SourceTitle "playchess.com"]
[Source "ChessBase"]
[SourceQuality "1"]
[TimeControl "5400+30"]

1. d4 f5 2. g3 Nf6 3. Bg2 e6 4. Nf3 Be7 5. O-O O-O 6. b3 Ne4 7. Bb2 Bf6 8. Ne1 d5 9. f3 Nd6 10. Nd3 Nd7 11. Nd2 c5 12. e3 Qb6 13. c3 Re8 14. Kh1 Nf7 15. Re1 e5 16. Qc2 Qd8 17. Nxc5 Nxc5 18. dxc5 e4 19. f4 Be6 20. b4 b6 21. Nb3 Bd7 22. Rad1 Bb5 23. Bf1 Bxf1 24. Rxf1 a5 25. a3 a4 26. Nd4 bxc5 27. Nxf5 g6 28. Nh4 Bxh4 29. gxh4 c4 30. Qd2 Qxh4 31. Qxd5 Rad8 32. Qxc4 Qh3 33. Qe2 Rd3 34. Rxd3 exd3 35. Qxd3 Rxe3 36. Qa6 Rd3 37. Qa8+ Rd8 38. Qg2 Qh5 39. c4 Nd6 40. Bf6 Rd7 41. Re1 Kf7 42. Bg5 Nf5 43. Qc6 Ng3+ 44. Kg1 Ne2+ 45. Kg2 Qg4+ 46. Kf2 Rd2 47. Ke3 Rc2 48. Qf6+ Kg8 49. Qd8+ Kf7 50. Qe7+ Kg8 51. Qe8+ Kg7 52. Bf6+ Kh6 53. Qf8+ Kh5 54. Qc5+ g5 55. Qxg5+ Qxg5 56. fxg5 Nc1 57. c5 Nb3 58. Re2 Rc1 59. Ke4 Kg6 60. Kd5 h6 61. Rg2 hxg5 62. Bxg5 Rd1+ 63. Kc4 Kf5 64. h4 Ke4 65. Re2+ Kf5 66. Re8 Ra1 67. c6 Ra2 68. Re3 Nd2+ 69. Kb5 Nb1 70. Kxa4 Rc2 71. b5 Nc3+ 72. Kb3 1-0

[Event "III Copa Marcel Duchamp 2019"]
[Site "Montevideo"]
[Date "2019.02.16"]
[Round "9.8"]
[White "Coppola, Claudio"]
[Black "Diaz Hollemaert, Nahuel"]
[Result "1-0"]
[WhiteElo "2209"]
[BlackElo "2426"]
[Annotator "NA"]
[PlyCount "117"]
[EventDate "2019.02.09"]
[EventType "swiss"]
[EventCountry "URU"]
[SourceTitle "playchess.com"]
[Source "ChessBase"]
[SourceQuality "1"]
[TimeControl "5400+30"]

1. d4 Nf6 2. c4 c5 3. d5 e5 4. Nc3 d6 5. e4 Be7 6. Nf3 Nbd7 7. Be2 O-O 8. O-O Ne8 9. Ne1 Bg5 10. Nd3 a6 11. g3 Bxc1 12. Rxc1 b5 13. cxb5 axb5 14. Nxb5 Rxa2 15. Na3 f5 16. Qb3 fxe4 17. Qxa2 exd3 18. Bxd3 Bb7 19. Nb5 Qb6 20. Ra1 e4 21. Be2 Ne5 22. Qa7 Qxa7 23. Rxa7 Bxd5 24. Re7 Nc6 25. Rxe8 Rxe8 26. Nc7 Rb8 27. Nxd5 Rxb2 28. Bc4 Ne5 29. Ne3+ Kf8 30. Bd5 Nf3+ 31. Kg2 Nd2 32. Ra1 Ke7 33. Ra7+ Kf6 34. Ng4+ Kg6 35. Ra6 Kf5 36. Ne3+ Ke5 37. Ra4 Rb4 38. Ra2 Rd4 39. Bg8 Nf3 40. Bxh7 d5 41. Ra5 Ne1+ 42. Kh3 Nd3 43. Ng4+ Kd6 44. Ra6+ Kc7 45. Ra7+ Kb6 46. Rxg7 c4 47. Rf7 c3 48. Ne3 Nb4 49. Rf6+ Kb5 50. Rf8 Rd3 51. Rb8+ Ka4 52. Bf5 Rd2 53. Rc8 c2 54. Nxc2 Nxc2 55. f3 Ne3 56. fxe4 Nf1 57. e5 Rxh2+ 58. Kg4 d4 59. Rc4+ 1-0

[Event "III Copa Marcel Duchamp 2019"]
[Site "Montevideo"]
[Date "2019.02.16"]
[Round "9.9"]
[White "Gemy, Jose Daniel"]
[Black "Coro, Lucas"]
[Result "1-0"]
[WhiteElo "2391"]
[BlackElo "2284"]
[Annotator "NA"]
[PlyCount "157"]
[EventDate "2019.02.09"]
[EventType "swiss"]
[EventCountry "URU"]
[SourceTitle "playchess.com"]
[Source "ChessBase"]
[SourceQuality "1"]
[TimeControl "5400+30"]

1. Nf3 Nf6 2. e3 g6 3. b4 Bg7 4. Bb2 O-O 5. c4 d6 6. d4 c5 7. a3 b6 8. Nbd2 Bb7 9. Be2 cxd4 10. exd4 e5 11. O-O Re8 12. dxe5 Nfd7 13. Qc2 dxe5 14. Ne4 Qc7 15. Rfd1 Bxe4 16. Qxe4 Nc6 17. Rac1 Nd4 18. Nxd4 exd4 19. Qc2 Qd6 20. Bf3 Rac8 21. Qb3 Ne5 22. Bd5 d3 23. g3 Qf6 24. Kg2 Qf5 25. Bxe5 Rxe5 26. Rxd3 Rc7 27. Rf3 Qg5 28. Rc2 Ree7 29. h4 Qe5 30. Re3 Qd6 31. Rd2 Rxe3 32. Qxe3 Qe5 33. Qf3 Qf6 34. Qd3 Qc3 35. Qe2 Qe5 36. Qxe5 Bxe5 37. Re2 Bd4 38. Rd2 Bc3 39. Rd3 Bb2 40. a4 Kg7 41. a5 Bf6 42. a6 Be7 43. c5 bxc5 44. b5 c4 45. Rc3 Bc5 46. Rxc4 Bb6 47. Bc6 Re7 48. Rc2 Ba5 49. Ra2 Bb6 50. Rd2 Ba5 51. Rd6 Bc7 52. Rd3 Bb6 53. Bf3 Re5 54. Rd7 Rxb5 55. Bd5 Kh6 56. g4 g5 57. h5 Rb4 58. f3 Rb2+ 59. Kf1 Rd2 60. Rd6+ Kg7 61. Rxb6 Rxd5 62. Rb7 Rd2 63. Rxa7 Ra2 64. Ra8 Kf6 65. a7 Kg7 66. Ke1 Kf6 67. h6 Ra1+ 68. Kd2 Ra3 69. Kc2 Ra6 70. Kb3 Rb6+ 71. Kc4 Ra6 72. Kb5 Ra1 73. Kb6 Rb1+ 74. Kc6 Rc1+ 75. Kd7 Rd1+ 76. Ke8 Ra1 77. Kf8 Kg6 78. Kg8 Ra6 79. Kh8 1-0

[Event "III Copa Marcel Duchamp 2019"]
[Site "Montevideo"]
[Date "2019.02.16"]
[Round "9.10"]
[White "Hernandez Amura, Gilberto"]
[Black "Lujan, Carolina"]
[Result "0-1"]
[WhiteElo "2199"]
[BlackElo "2357"]
[Annotator "NA"]
[PlyCount "80"]
[EventDate "2019.02.09"]
[EventType "swiss"]
[EventCountry "URU"]
[SourceTitle "playchess.com"]
[Source "ChessBase"]
[SourceQuality "1"]
[TimeControl "5400+30"]

1. e4 d6 2. d4 Nf6 3. Bd3 g6 4. Nf3 Bg7 5. c3 O-O 6. O-O c6 7. a4 b6 8. Re1 Qc7 9. Nbd2 Nbd7 10. Nf1 e5 11. Ng3 a5 12. Qe2 Re8 13. dxe5 dxe5 14. Bc4 Nf8 15. Ng5 Re7 16. Qc2 h6 17. Nf3 Be6 18. Nd2 Rd7 19. Bxe6 Nxe6 20. Nc4 b5 21. Na3 Rb8 22. f3 Bf8 23. Be3 Bc5 24. Qf2 Bf8 25. axb5 cxb5 26. Qf1 Bc5 27. Qf2 Kg7 28. Nf1 Qc6 29. Nc2 Bxe3 30. Qxe3 Qc7 31. Red1 b4 32. Rxd7 Nxd7 33. Qd2 Ndc5 34. Qd5 Rd8 35. Qc4 Qb6 36. Nce3 Nd3 37. cxb4 axb4 38. Ra6 Qd4 39. b3 Nef4 40. Rc6 Ne2+ 0-1

[Event "III Copa Marcel Duchamp 2019"]
[Site "Montevideo"]
[Date "2019.02.16"]
[Round "9.11"]
[White "Mussanti, Diego"]
[Black "Carbone, Diego"]
[Result "1/2-1/2"]
[WhiteElo "2305"]
[BlackElo "2256"]
[Annotator "NA"]
[PlyCount "40"]
[EventDate "2019.02.09"]
[EventType "swiss"]
[EventCountry "URU"]
[SourceTitle "playchess.com"]
[Source "ChessBase"]
[SourceQuality "1"]
[TimeControl "5400+30"]

1. e4 e5 2. Nf3 Nc6 3. d4 exd4 4. Nxd4 Nf6 5. Nxc6 bxc6 6. e5 Qe7 7. Qe2 Nd5 8. c4 Nb6 9. b3 Qe6 10. Bb2 Bb4+ 11. Nd2 O-O 12. a3 Bxd2+ 13. Qxd2 d5 14. cxd5 cxd5 15. Rc1 f6 16. Rxc7 fxe5 17. Qg5 Nd7 18. Bd3 Qd6 19. Rc2 Ba6 20. Qd2 Bxd3 1/2-1/2

[Event "III Copa Marcel Duchamp 2019"]
[Site "Montevideo"]
[Date "2019.02.16"]
[Round "9.12"]
[White "Zapata Charles, Santiago"]
[Black "Suarez, Pedro"]
[Result "1-0"]
[WhiteElo "2300"]
[BlackElo "1950"]
[Annotator "NA"]
[PlyCount "69"]
[EventDate "2019.02.09"]
[EventType "swiss"]
[EventCountry "URU"]
[SourceTitle "playchess.com"]
[Source "ChessBase"]
[SourceQuality "1"]
[TimeControl "5400+30"]

1. e4 d6 2. d4 Nf6 3. Nc3 Nbd7 4. Nf3 e5 5. Bc4 Be7 6. O-O O-O 7. Re1 c6 8. a4 Qc7 9. Ba2 b6 10. h3 Bb7 11. Nh4 Rfe8 12. Nf5 Bf8 13. dxe5 dxe5 14. Qf3 Nc5 15. Bg5 Ne6 16. Nh6+ gxh6 17. Bxf6 Bg7 18. Bxg7 Kxg7 19. Qg4+ Kh8 20. Qf5 Kg7 21. Qg4+ Kh8 22. Qh4 Kg7 23. Re3 Nf4 24. Rg3+ Ng6 25. Nd1 Qd8 26. Qh5 c5 27. Ne3 Bxe4 28. f3 Bxc2 29. Nxc2 Qd3 30. Bb1 e4 31. Kh2 e3 32. f4 Qf1 33. Nxe3 Qxf4 34. Nf5+ Kf6 35. Bd3 1-0

[Event "III Copa Marcel Duchamp 2019"]
[Site "Montevideo"]
[Date "2019.02.16"]
[Round "9.13"]
[White "De Dovitiis, Alejo"]
[Black "Trois, Francisco R.T."]
[Result "1-0"]
[WhiteElo "2353"]
[BlackElo "2152"]
[Annotator "NA"]
[PlyCount "59"]
[EventDate "2019.02.09"]
[EventType "swiss"]
[EventCountry "URU"]
[SourceTitle "playchess.com"]
[Source "ChessBase"]
[SourceQuality "1"]
[TimeControl "5400+30"]

1. d4 Nf6 2. Nc3 d5 3. Bg5 Bf5 4. Bxf6 exf6 5. e3 Bb4 6. Nge2 c6 7. a3 Bd6 8. Ng3 Bg6 9. Bd3 O-O 10. Bxg6 fxg6 11. Qd3 f5 12. O-O Nd7 13. Nce2 h5 14. c4 h4 15. Nh1 Qc7 16. g3 dxc4 17. Qxc4+ Kh7 18. d5 hxg3 19. hxg3 Ne5 20. Qc3 Qf7 21. f4 Ng4 22. Nf2 Nxf2 23. Kxf2 Rac8 24. Rac1 Rfe8 25. Nd4 Qxd5 26. Rfd1 Be7 27. Nxc6 Qe6 28. Nxe7 Qxe7 29. Rh1+ Kg8 30. Qb3+ 1-0

[Event "III Copa Marcel Duchamp 2019"]
[Site "Montevideo"]
[Date "2019.02.16"]
[Round "9.14"]
[White "Benoit, Rodrigo"]
[Black "Scarella, Enrique Alejandro"]
[Result "0-1"]
[WhiteElo "2189"]
[BlackElo "2304"]
[Annotator "NA"]
[PlyCount "70"]
[EventDate "2019.02.09"]
[EventType "swiss"]
[EventCountry "URU"]
[SourceTitle "playchess.com"]
[Source "ChessBase"]
[SourceQuality "1"]
[TimeControl "5400+30"]

1. e4 c5 2. Nf3 Nc6 3. Bb5 e6 4. O-O Nge7 5. d4 cxd4 6. Nxd4 Nxd4 7. Qxd4 Nc6 8. Qc3 Qc7 9. Be3 a6 10. Be2 b5 11. a3 Bb7 12. Nd2 Rc8 13. f4 Na5 14. Qxc7 Rxc7 15. b4 Nc4 16. Bxc4 bxc4 17. c3 Be7 18. a4 O-O 19. b5 f5 20. e5 g5 21. fxg5 Bc5 22. Bd4 Bxd4+ 23. cxd4 axb5 24. axb5 Bd5 25. Rfc1 Rb8 26. Ra5 c3 27. Nb1 c2 28. Nd2 Rc3 29. Kf2 f4 30. Nf3 Be4 31. Ng1 Rb3 32. Ne2 Rb1 33. Ra2 Rxc1 34. Nxc1 Rxb5 35. Ke1 Rb4 0-1

[Event "III Copa Marcel Duchamp 2019"]
[Site "Montevideo"]
[Date "2019.02.16"]
[Round "9.15"]
[White "Muniz, Rafael"]
[Black "Meza, Anahi"]
[Result "1-0"]
[WhiteElo "2250"]
[BlackElo "2058"]
[Annotator "NA"]
[PlyCount "77"]
[EventDate "2019.02.09"]
[EventType "swiss"]
[EventCountry "URU"]
[SourceTitle "playchess.com"]
[Source "ChessBase"]
[SourceQuality "1"]
[TimeControl "5400+30"]

1. e4 c5 2. Nf3 e6 3. d4 cxd4 4. Nxd4 a6 5. Bd3 Bc5 6. Nb3 Be7 7. Qg4 g6 8. Qe2 d6 9. O-O Nc6 10. Na3 Ne5 11. Nc4 Nxd3 12. cxd3 b5 13. Nca5 Bd7 14. Bd2 Nf6 15. Bh6 e5 16. h3 Nh5 17. Kh1 Nf4 18. Bxf4 exf4 19. Qf3 O-O 20. Qxf4 Rc8 21. d4 Rc2 22. Rab1 Re8 23. Qe3 Bh4 24. Qf4 Qe7 25. f3 g5 26. Qe3 g4 27. Qd3 Rf2 28. Rxf2 Bxf2 29. Rf1 gxh3 30. Rxf2 Qh4 31. g3 Qxg3 32. Qf1 Kh8 33. d5 Rg8 34. Nd4 Qh4 35. Nf5 Bxf5 36. exf5 Rg2 37. Rxg2 hxg2+ 38. Kxg2 Qg5+ 39. Kf2 1-0

[Event "III Copa Marcel Duchamp 2019"]
[Site "Montevideo"]
[Date "2019.02.16"]
[Round "9.16"]
[White "Sosa Macho, Juan Manuel"]
[Black "Lagar, Valentin Alejo"]
[Result "0-1"]
[WhiteElo "2079"]
[BlackElo "2196"]
[Annotator "NA"]
[PlyCount "66"]
[EventDate "2019.02.09"]
[EventType "swiss"]
[EventCountry "URU"]
[SourceTitle "playchess.com"]
[Source "ChessBase"]
[SourceQuality "1"]
[TimeControl "5400+30"]

1. d4 d5 2. c4 c6 3. Nc3 Nf6 4. Nf3 e6 5. e3 Nbd7 6. Qc2 Bd6 7. b3 O-O 8. Bb2 b6 9. e4 Nxe4 10. Nxe4 dxe4 11. Qxe4 Bb4+ 12. Kd1 Bb7 13. Bd3 g6 14. h4 h5 15. Kc2 Qe7 16. a3 Bd6 17. b4 Nf6 18. Qe2 c5 19. Ne5 cxb4 20. axb4 Rac8 21. Rxa7 Nd5 22. Kb1 Nf4 23. Qe3 Nxd3 24. Qxd3 Bxe5 25. dxe5 Rfd8 26. Qa3 Rxc4 27. Ka1 Rcc8 28. Bc3 Qc7 29. Kb2 Ra8 30. Ra4 Qc4 31. Rc1 Be4 32. Re1 Rd2+ 33. Kc1 Rc2+ 0-1

[Event "III Copa Marcel Duchamp 2019"]
[Site "Montevideo"]
[Date "2019.02.16"]
[Round "9.17"]
[White "Curi, Gabriel"]
[Black "Pichuaga, Juan Pablo"]
[Result "1-0"]
[WhiteElo "2159"]
[BlackElo "2027"]
[Annotator "NA"]
[PlyCount "81"]
[EventDate "2019.02.09"]
[EventType "swiss"]
[EventCountry "URU"]
[SourceTitle "playchess.com"]
[Source "ChessBase"]
[SourceQuality "1"]
[TimeControl "5400+30"]

1. e4 c6 2. Nc3 d5 3. Nf3 dxe4 4. Nxe4 Nf6 5. Qe2 Nxe4 6. Qxe4 Qd5 7. Qf4 Qd6 8. d4 Qxf4 9. Bxf4 Bf5 10. O-O-O e6 11. Nh4 Bg6 12. Nxg6 hxg6 13. c4 Nd7 14. d5 cxd5 15. cxd5 e5 16. Be3 Bd6 17. Bb5 a6 18. Ba4 Ke7 19. h3 Rac8+ 20. Kb1 Rc7 21. Rhe1 b5 22. Bc2 Rhc8 23. Re2 Kf8 24. g3 Re8 25. h4 f5 26. h5 f4 27. Bc1 g5 28. gxf4 exf4 29. Re6 Bc5 30. Rg1 Bxf2 31. Rxg5 Bh4 32. Rf5+ Nf6 33. Bxf4 Rd7 34. a3 Red8 35. Rxa6 Rxd5 36. h6 Rxf5 37. Bxf5 gxh6 38. Bxh6+ Ke7 39. Re6+ Kf7 40. Rb6 Rh8 41. Rb7+ 1-0

[Event "III Copa Marcel Duchamp 2019"]
[Site "Montevideo"]
[Date "2019.02.16"]
[Round "9.18"]
[White "Hurtado Bahamonde, Rodrigo"]
[Black "Rupel, David"]
[Result "0-1"]
[WhiteElo "2172"]
[BlackElo "1953"]
[Annotator "NA"]
[PlyCount "130"]
[EventDate "2019.02.09"]
[EventType "swiss"]
[EventCountry "URU"]
[SourceTitle "playchess.com"]
[Source "ChessBase"]
[SourceQuality "1"]
[TimeControl "5400+30"]

1. e4 c6 2. d4 d5 3. e5 a6 4. Nf3 Bf5 5. Be2 e6 6. O-O Nd7 7. c3 c5 8. a3 h6 9. Be3 Ne7 10. dxc5 Nc6 11. c4 dxc4 12. Bxc4 Bxc5 13. Bxc5 Nxc5 14. Nc3 Qc7 15. Qd6 Qxd6 16. exd6 b5 17. Nxb5 O-O-O 18. Nbd4 Nxd4 19. Nxd4 Bd3 20. Rfc1 Kb7 21. Bxd3 Nxd3 22. Rc7+ Kb6 23. Rxf7 Rxd6 24. Nf3 Rhd8 25. h4 R8d7 26. Rf8 Rd8 27. Rxd8 Rxd8 28. Rd1 Rd5 29. b4 Kb5 30. g3 Ka4 31. Kf1 Nxb4 32. Re1 Kxa3 33. Rxe6 a5 34. Ke2 Rd7 35. Ne5 Rc7 36. f4 a4 37. Rb6 Nd5 38. Rb8 Ka2 39. Kd2 Nf6 40. Nd3 Ne4+ 41. Kd1 Rc3 42. Nc1+ Ka3 43. Ne2 Rd3+ 44. Kc1 Nxg3 45. Nxg3 Rxg3 46. Rb7 Rc3+ 47. Kd2 Rf3 48. Rxg7 Rxf4 49. Rg3+ Kb2 50. Rg6 Rxh4 51. Rb6+ Ka2 52. Kc2 Rh2+ 53. Kc1 h5 54. Rb4 a3 55. Rb5 h4 56. Rb8 Rb2 57. Rh8 Rb4 58. Kc2 Rc4+ 59. Kd3 Rg4 60. Kc2 Rg2+ 61. Kc1 Rh2 62. Rb8 h3 63. Rh8 Rh1+ 64. Kc2 h2 65. Kc3 Rc1+ 0-1

[Event "III Copa Marcel Duchamp 2019"]
[Site "Montevideo"]
[Date "2019.02.16"]
[Round "9.19"]
[White "Escofet, Jaime"]
[Black "Sarquis, Maria Belen"]
[Result "1/2-1/2"]
[WhiteElo "1957"]
[BlackElo "2164"]
[Annotator "NA"]
[PlyCount "179"]
[EventDate "2019.02.09"]
[EventType "swiss"]
[EventCountry "URU"]
[SourceTitle "playchess.com"]
[Source "ChessBase"]
[SourceQuality "1"]
[TimeControl "5400+30"]

1. d4 Nf6 2. Nf3 e6 3. Bf4 d5 4. e3 c5 5. c3 Bd6 6. Bg3 O-O 7. Nbd2 Nc6 8. Bd3 b6 9. O-O Bb7 10. Bh4 c4 11. Bc2 b5 12. e4 dxe4 13. Nxe4 Be7 14. Qe2 Nxe4 15. Qxe4 g6 16. Bxe7 Qxe7 17. Qe3 Qf6 18. Be4 Rab8 19. Rfe1 Rfd8 20. h3 a5 21. a3 Rd6 22. Rad1 Ne7 23. Nd2 Nd5 24. Bxd5 Bxd5 25. Ne4 Bxe4 26. Qxe4 Rd5 27. Qe3 Qe7 28. Qf4 Rbd8 29. Re5 Kg7 30. Rde1 Qf6 31. Qe3 h6 32. f4 h5 33. g3 Qe7 34. Qf3 Qf6 35. Qe4 R8d6 36. Kg2 Qd8 37. Qe2 Qf6 38. Qe3 Rd8 39. Qf3 R8d6 40. g4 hxg4 41. hxg4 Kf8 42. g5 Qe7 43. Qh3 Ke8 44. Qh8+ Qf8 45. Qf6 Qe7 46. Qh8+ Qf8 47. Qh3 Kd7 48. Qe3 Qa8 49. Qf3 b4 50. Kg3 bxa3 51. bxa3 Qb7 52. Qh1 Qb2 53. R1e3 Qb8 54. Qf1 Qb3 55. Qc1 Kc6 56. Kg4 Rd8 57. Re2 Rxe5 58. Rxe5 Rd5 59. Rxd5 Kxd5 60. Qh1+ Kd6 61. Qa8 Qxc3 62. Qd8+ Kc6 63. Qa8+ Kd6 64. Qd8+ Kc6 65. Qa8+ Kc7 66. Qa7+ Kc6 67. Qxf7 Qxd4 68. Qxe6+ Kb5 69. Qxg6 c3 70. Qf5+ Ka4 71. g6 Qg1+ 72. Kh5 Qd1+ 73. Kh6 c2 74. Qe4+ Kxa3 75. Qe7+ Ka4 76. Qe8+ Kb4 77. Qb8+ Kc3 78. Qc7+ Kd3 79. Qd6+ Ke3 80. Qe5+ Kf3 81. Qh5+ Kxf4 82. Qg5+ Ke4 83. Qh4+ Ke3 84. Qg5+ Kf2 85. Qf5+ Kg3 86. Qe5+ Kf3 87. Qf5+ Ke3 88. Qe5+ {Ke2 Qe4+} Kd2 89. Qd4+ Ke2 90. Qe4+ 1/2-1/2

[Event "III Copa Marcel Duchamp 2019"]
[Site "Montevideo"]
[Date "2019.02.16"]
[Round "9.20"]
[White "Granara Barreto, Sebastian"]
[Black "Durante, Aurelio"]
[Result "1/2-1/2"]
[WhiteElo "2134"]
[BlackElo "1941"]
[Annotator "NA"]
[PlyCount "97"]
[EventDate "2019.02.09"]
[EventType "swiss"]
[EventCountry "URU"]
[SourceTitle "playchess.com"]
[Source "ChessBase"]
[SourceQuality "1"]
[TimeControl "5400+30"]

1. c4 c6 2. g3 d5 3. Bg2 dxc4 4. Nf3 f6 5. Qc2 Be6 6. O-O Na6 7. Qc3 Nc7 8. Na3 Bf7 9. Nxc4 e5 10. Ne3 Ne7 11. a3 Ned5 12. Qc2 Nxe3 13. dxe3 Qd5 14. Nd2 Qc5 15. Qxc5 Bxc5 16. Ne4 Be7 17. Nc3 O-O 18. b4 Bc4 19. Bf3 a5 20. Rb1 axb4 21. axb4 Rfd8 22. e4 Nb5 23. Nxb5 Bxb5 24. Be3 Ra2 25. Rfd1 Raa8 26. Rxd8+ Rxd8 27. h4 Kf7 28. Bc5 Rd2 29. Bxe7 Kxe7 30. Kf1 Ba4 31. Ke1 Ra2 32. h5 h6 33. e3 Kd6 34. Bg4 Kc7 35. Be6 Ra3 36. Kd2 Kb6 37. f4 Bb5 38. Bb3 Ra8 39. Kc3 Be2 40. fxe5 fxe5 41. g4 Bxg4 42. Rg1 Bxh5 43. Rxg7 Re8 44. Rh7 Bg6 45. Rxh6 Bxe4 46. Bc4 Re7 47. Rf6 Kc7 48. Rh6 Bf3 49. b5 1/2-1/2

[Event "III Copa Marcel Duchamp 2019"]
[Site "Montevideo"]
[Date "2019.02.16"]
[Round "9.21"]
[White "Arcos Facio, Mateo"]
[Black "Rodriguez Farias, Eduardo"]
[Result "1-0"]
[WhiteElo "2107"]
[BlackElo "1935"]
[Annotator "NA"]
[PlyCount "73"]
[EventDate "2019.02.09"]
[EventType "swiss"]
[EventCountry "URU"]
[SourceTitle "playchess.com"]
[Source "ChessBase"]
[SourceQuality "1"]
[TimeControl "5400+30"]

1. c4 Nf6 2. Nc3 c5 3. g3 d5 4. cxd5 Nxd5 5. Bg2 Nc7 6. Nf3 Nc6 7. d3 e5 8. Be3 Bd7 9. a4 Be7 10. Nd2 Rc8 11. O-O O-O 12. Nc4 f6 13. Qb3 Kh8 14. Nb5 Nb4 15. Nxa7 Rb8 16. Nb5 Nxb5 17. axb5 Bxb5 18. Ra7 Bc6 19. Bxc6 bxc6 20. Qa4 Re8 21. Rc1 Qd5 22. Nd2 f5 23. Qa5 Rb5 24. Qc7 Bf8 25. Bg5 Qe6 26. Qd7 Qg6 27. Rca1 Rbb8 28. Bh4 Nc2 29. R1a6 Nd4 30. e3 Nb5 31. Rb7 Rbc8 32. Rxb5 cxb5 33. Rxg6 hxg6 34. Qxb5 Re6 35. Qd7 Rce8 36. Nc4 Kh7 37. Bg5 1-0

[Event "III Copa Marcel Duchamp 2019"]
[Site "Montevideo"]
[Date "2019.02.16"]
[Round "9.22"]
[White "Dotta, Gian Franco"]
[Black "Guerrero, Alvaro"]
[Result "1/2-1/2"]
[WhiteElo "1896"]
[BlackElo "2096"]
[Annotator "NA"]
[PlyCount "66"]
[EventDate "2019.02.09"]
[EventType "swiss"]
[EventCountry "URU"]
[SourceTitle "playchess.com"]
[Source "ChessBase"]
[SourceQuality "1"]
[TimeControl "5400+30"]

1. e4 c6 2. d4 d5 3. e5 Bf5 4. Nc3 e6 5. g4 Bg6 6. Nge2 Qh4 7. Be3 h5 8. Nf4 Ne7 9. Ng2 Qxg4 10. f3 Qf5 11. Rc1 h4 12. Nf4 h3 13. Rg1 Rh4 14. Bd3 Rxf4 15. Bxf5 Rxf5 16. Rg5 Nd7 17. Rxf5 Nxf5 18. Kd2 O-O-O 19. Ne2 c5 20. c4 dxc4 21. Bf4 Nb6 22. Ke1 Nxd4 23. Nxd4 Rxd4 24. Bd2 Be7 25. f4 Bh4+ 26. Kf1 Bd3+ 27. Kg1 g5 28. Be3 Re4 29. Bxc5 Be2 30. Qd6 Rxf4 31. Qf8+ Kd7 32. Qd6+ Kc8 33. Qf8+ Kd7 1/2-1/2

[Event "III Copa Marcel Duchamp 2019"]
[Site "Montevideo"]
[Date "2019.02.16"]
[Round "9.24"]
[White "Malan, Lucia"]
[Black "Augoustis Funti, Alexis"]
[Result "1-0"]
[WhiteElo "1851"]
[BlackElo "1984"]
[Annotator "NA"]
[PlyCount "107"]
[EventDate "2019.02.09"]
[EventType "swiss"]
[EventCountry "URU"]
[SourceTitle "playchess.com"]
[Source "ChessBase"]
[SourceQuality "1"]
[TimeControl "5400+30"]

1. e4 e6 2. d4 d5 3. Nd2 Nf6 4. e5 Nfd7 5. Bd3 c5 6. c3 Nc6 7. Ne2 cxd4 8. cxd4 f6 9. exf6 Qxf6 10. Nf3 Bd6 11. O-O O-O 12. Bg5 Qf7 13. Bh4 h6 14. Bg3 Bb8 15. Bc2 g5 16. Qd2 Qg7 17. Rad1 Ne7 18. h4 g4 19. Ne5 Nf5 20. Bxf5 Rxf5 21. Nxd7 Bxd7 22. Nf4 Qf6 23. Ne2 Bb5 24. Qe3 h5 25. Rfe1 Bxe2 26. Rxe2 Kf7 27. Qb3 b6 28. Qa4 Bxg3 29. fxg3 Rf8 30. Qxa7+ Kg6 31. Qxb6 Rf1+ 32. Kh2 Rxd1 33. Rxe6 Kg7 34. Rxf6 Rxf6 35. Qc7+ Kh6 36. Qe5 Rff1 37. Qg5+ Kh7 38. Qxh5+ Kg7 39. Qxg4+ Kf6 40. Qg5+ Ke6 41. Qe5+ Kf7 42. Qxd5+ Kf6 43. Kh3 Rde1 44. Kg4 Kg6 45. h5+ Kh6 46. Qg5+ Kh7 47. Qg6+ Kh8 48. h6 Re7 49. d5 Rf8 50. Kh4 Rd7 51. Qe6 Rfd8 52. g4 Kh7 53. g5 Kh8 54. g6 1-0